Torino FC Squad 2025-2026 - Statistics

General Stats
  • This quiz has been taken 167 times
    94 since last reset
  • The average score is 26 of 37
Answer Stats
# Position Nation Player % Correct
91 FW Colombia Duván Zapata
96%
10 MF Croatia Nikola Vlašić
96%
1 GK Italy Alberto Paleari
95%
6 MF Turkey Emirhan İlkhan
95%
19 FW Scotland Ché Adams
93%
16 MF Norway Marcus Pedersen
93%
81 GK Uruguay Franco Israel
91%
13 DF Chile Guillermo Maripán
91%
- Coach Italy Marco Baroni
91%
23 DF Equatorial Guinea Saúl Coco
89%
18 FW Argentina Giovanni Simeone
88%
66 MF Lithuania Gvidas Gineitis
88%
20 MF Austria Valentino Lazaro
84%
5 DF Morocco Adam Masina
82%
3 DF Netherlands Perr Schuurs
77%
7 FW Morocco Zakaria Aboukhlal
75%
8 MF Serbia Ivan Ilić
74%
35 DF Italy Luca Marianucci
74%
4 MF Italy Matteo Prati
74%
32 MF Albania Kristjan Asllani
72%
14 MF England Tino Anjorin
72%
92 FW Sweden Alieu Njie
70%
44 DF Albania Ardian Ismajli
70%
22 MF Italy Cesare Casadei
70%
26 FW Belgium Cyril Ngonge
67%
17 FW Croatia Sandro Kulenović
65%
77 DF Cameroon Enzo Ebosse
63%
61 MF France Adrien Tamèze
61%
33 DF Spain Rafa Obrador
60%
21 MF France Ali Dembélé
53%
34 DF Italy Cristiano Biraghi
53%
15 DF Georgia Saba Sazonov
47%
25 DF France Niels Nkounkou
37%
71 GK Romania Mihai Popa
33%
79 FW Cyprus Zanos Savva
33%
83 MF Moldova Sergiu Perciun
23%
99 GK Italy Lapo Siviero
21%
No matching quizzes found
Score Distribution
Percent of People with Each Score
Percentile by Number Answered
Your Score History
You have not taken this quiz since the last reset